Teoría de la literatura
Salvato in:
| Autore principale: | |
|---|---|
| Natura: | Libro |
| Lingua: | spagnolo |
| Pubblicazione: |
Madrid
Akal Editor
1982
|
| Serie: | Akal. Universitaria, 15
|
| Soggetti: | |
| Tags: |
Aggiungi Tag
Nessun Tag, puoi essere il primo ad aggiungerne!!
|
MARC
| LEADER | 00000nam a2200000 a 4500 | ||
|---|---|---|---|
| 001 | UCX5697 | ||
| 003 | CL-VaPUC | ||
| 008 | 930108e19820000SP |||||||||||||||||spa|d | ||
| 082 | 0 | 4 | |a 801.95 |b TOM |2 21 |
| 100 | 0 | |a Tomachevski, Boris |e author |9 322057 | |
| 245 | 1 | 0 | |a Teoría de la literatura |
| 300 | |a 272 p | ||
| 942 | |c BK | ||
| 945 | |d 19930108 00:00:00 | ||
| 260 | |a Madrid |b Akal Editor |c 1982 | ||
| 650 | 0 | |a Crítica literaria |9 269189 | |
| 650 | 7 | |a LITERATURA HISTORIA Y CRITICA |2 CL-VaPUC |9 322058 | |
| 583 | |a last modification |c 19930108 00:00:00 |k Rodrigo Vera | ||
| 490 | 0 | |a Akal. Universitaria, 15 | |
| 999 | |c 225893 |d 225891 | ||
| 952 | |0 0 |1 0 |4 0 |6 801_950000000000000_TOM_1982 |7 0 |8 A |9 223801 |a BIBEDU |b BIBEDU |d 2019-11-15 |i 2926318 |o 801.95 TOM 1982 |p 2926318 |r 2019-11-15 |w 2019-11-15 |y BK |k LIT | ||
| 952 | |0 0 |1 0 |4 0 |6 801_950000000000000_TOM_1982 |7 0 |8 A |9 223802 |a FDOPOS |b FDOPOS |d 2019-11-15 |i 3308472 |o 801.95 TOM 1982 |p 3308472 |r 2025-01-22 |w 2019-11-15 |y BK |k MLH | ||